Statistics for Famous Buildings to Country

Click here to take the quiz!

General Stats

  • This quiz has been taken 96 times
  • The average score is 12 of 15

Answer Stats

BuildingCountry% Correct
Eiffel TowerParis, France
100%
Taj MahalAgra, India
98%
Leaning Tower of PisaPisa, Italy
98%
Acropolis of AthensAthens, Greece
97%
The Pyramids of GizaGiza, Egypt
97%
Buckingham PalaceLondon, UK
97%
Empire State BuildingNew York City, USA
97%
Dresden FrauenkircheDresden, Germany
90%
Burj KhalifaDubai, UAE
85%
Mosque of CórdobaCórdoba, Spain
75%
St. Basils CathedralMoscow, Russia
72%
Petronas TowersKuala Lumpur, Malaysia
70%
Hagia SophiaIstanbul, Turkey
66%
Château FrontenacQuébec, Canada
44%
Dancing HousePrague, Czech Republic
28%

Score Distribution

Percentile by Number Answered

Percent of People with Each Score

Your Score History

You have not taken this quiz